| 000 | 00513nam a2200193Ia 4500 | ||
|---|---|---|---|
| 003 | OSt | ||
| 005 | 20250812135921.0 | ||
| 008 | 210210b1977 xxu||||| |||| 00| 0 eng d | ||
| 040 | _cAL | ||
| 041 | _aKannada | ||
| 082 | _aK894.3 NARR | ||
| 100 |
_aNARAYANA (V) _dನಾರಾಯಣ (ವಿ ) _9235098 |
||
| 245 |
_aRasaragini. _bರಸರಾಗಿಣಿ |
||
| 260 |
_aBengaluru. _bBharatesha Prakashana., _c1977 |
||
| 300 | _a179 | ||
| 690 |
_aKannada Fiction _9235099 |
||
| 906 | _aSG01326 | ||
| 942 |
_2ddc _cBK |
||
| 999 |
_c112520 _d112520 |
||